Regiones argentinas : música y costumbres [apunte].
Guardado en:
| Formato: | Libro |
|---|---|
| Materias: | |
| Etiquetas: |
Agregar Etiqueta
Sin Etiquetas, Sea el primero en etiquetar este registro!
|
| LEADER | 00772nam a22002055a 4500 | ||
|---|---|---|---|
| 001 | CEM.cems010964 | ||
| 005 | 20080131092755.0 | ||
| 008 | 130507b######################000#0#####d | ||
| 003 | CEMS | ||
| 082 | 0 | 4 | |a F398 |
| 245 | 0 | 0 | |a Regiones argentinas : |b música y costumbres [apunte]. |
| 300 | |a 7 p. | ||
| 500 | |a Donación del alumno Gerardo Murcia. | ||
| 505 | 0 | |a Región Mesopotámica -- Región del Noroeste -- Región de Cuyo -- Región Patagónica -- Región chaqueña -- Región Pampeana -- Región de las Sierras Pampeanas. | |
| 653 | |a Folclore argentino | ||
| 653 | |a Regiones geográficas argentinas | ||
| 653 | |a Regiones folclóricas argentinas | ||
| 653 | |a Música argentina | ||
| 653 | |a Fichero colgante. | ||
| 859 | |a CEMS |b BIB. CEMS - 11 de abril |h F398 |i 1-3 |p 1850.44 |t Ej.1 | ||
